[Event "Warsaw Najdorf Memorial op-B"]
[Site "Warsaw"]
[Date "2021.07.10"]
[Round "1"]
[White "Cylc, Bartlomiej"]
[Black "Dahche, Abdel Azziz"]
[Result "0-1"]
[WhiteElo "1224"]
[BlackElo "1709"]
[PlyCount "54"]
[EventDate "2021.07.10"]
[EventType "swiss"]
[EventRounds "9"]
[EventCountry "POL"]
[SourceTitle "EXT 2022"]
[Source "ChessBase"]
[SourceDate "2021.10.06"]
[SourceVersion "1"]
[SourceVersionDate "2021.10.06"]
[SourceQuality "1"]

1. e4 c5 2. Nf3 d6 3. d4 cxd4 4. Nxd4 Nf6 5. Nc3 g6 6. f4 Nc6 7. Bb5 Bd7 8. Nxc6 bxc6 9. Ba4 Bg7 10. 0-0 Qb6+ 11. Kh1 Ng4 12. Qe2 h5 13. f5 0-0-0 14. Bb3 e6 15. Na4 Qc7 16. fxg6 fxg6 17. Be3 Rdf8 18. Rxf8+ Rxf8 19. h3 Nxe3 20. Qxe3 Qa5 21. Qg3 Qe5 22. Qd3 Qf4 23. g3 Qf2 24. Qxd6 Qf3+ 25. Kh2 Qe2+ 26. Kh1 Qxe4+ 27. Kg1 Bd4+ 0-1